[Event "TUR-chT 1st League"]
[Site "Denizli"]
[Date "2023.07.11"]
[Round "4.63"]
[White "Ataman, Alper Efe"]
[Black "Cenikli, Alparslan"]
[Result "1/2-1/2"]
[WhiteElo "2067"]
[BlackElo "1847"]
[PlyCount "60"]
[EventDate "2023.07.09"]
[EventType "team-swiss"]
[EventRounds "9"]
[EventCountry "TUR"]
[SourceTitle "CBM 215 Extra"]
[Source "ChessBase"]
[SourceDate "2023.09.30"]
[SourceVersion "1"]
[SourceVersionDate "2023.09.30"]
[SourceQuality "1"]
[WhiteTeam "Bulancak Ihsaniye Genclik"]
[BlackTeam "Karsiyaka Ihtisas"]
[WhiteTeamCountry "TUR"]
[BlackTeamCountry "TUR"]

1. d4 Nf6 2. c4 g6 3. Nf3 Bg7 4. g3 0-0 5. Bg2 d6 6. 0-0 c5 7. Nc3 Nc6 8. d5 Na5 9. Nd2 e6 10. e4 exd5 11. cxd5 Bd7 12. a3 c4 13. h3 b5 14. f4 Rc8 15. Kh2 Re8 16. Re1 Qc7 17. Nf3 Nb3 18. Rb1 Nxc1 19. Rxc1 Nh5 20. e5 dxe5 21. d6 Qb6 22. fxe5 Qf2 23. Ne4 Qxb2 24. Re3 Bxe5 25. Rc2 Qa1 26. Rc1 Qb2 27. Rc2 Qa1 28. Rc1 Qb2 29. Rc2 Qa1 30. Rc1 Qb2 1/2-1/2

[Event "TUR-chT 1st League"]
[Site "Konya"]
[Date "2022.08.27"]
[Round "8.10"]
[White "Onay, Emrah"]
[Black "Cenikli, Alparslan"]
[Result "1/2-1/2"]
[WhiteElo "1837"]
[BlackElo "1839"]
[PlyCount "61"]
[EventDate "2022.08.22"]
[EventType "team-swiss"]
[EventRounds "9"]
[EventCountry "TUR"]
[SourceTitle "CBM 209 Extra"]
[Source "ChessBase"]
[SourceDate "2022.09.30"]
[SourceVersion "1"]
[SourceVersionDate "2022.09.30"]
[SourceQuality "1"]
[WhiteTeam "Denizli Metin Surmeli"]
[BlackTeam "Karsiyaka Ihtisas"]
[WhiteTeamCountry "TUR"]
[BlackTeamCountry "TUR"]

1. d4 Nf6 2. e3 g6 3. Nf3 Bg7 4. b3 0-0 5. Bb2 d6 6. Nbd2 Nbd7 7. Bd3 Re8 8. 0-0 e5 9. Be2 e4 10. Ne1 Nf8 11. c4 c5 12. Nc2 cxd4 13. exd4 d5 14. Ne3 Ne6 15. cxd5 Nf4 16. d6 Qxd6 17. Ndc4 Qd8 18. Ne5 Nxe2+ 19. Qxe2 Be6 20. Rfd1 Nd5 21. Nxd5 Bxd5 22. Rac1 Rc8 23. Rxc8 Qxc8 24. Rc1 Qe6 25. Rc7 Bxe5 26. dxe5 Rc8 27. Qc2 Bc6 28. Qd2 Rxc7 29. Qd8+ Be8 30. Qxc7 Qd7 31. Qxd7 1/2-1/2

[Event "TUR-chT 1st League"]
[Site "Konya"]
[Date "2022.08.23"]
[Round "2.7"]
[White "Ugur, Can Atakan"]
[Black "Cenikli, Alparslan"]
[Result "1-0"]
[WhiteElo "1807"]
[BlackElo "1839"]
[PlyCount "93"]
[EventDate "2022.08.22"]
[EventType "team-swiss"]
[EventRounds "9"]
[EventCountry "TUR"]
[SourceTitle "CBM 209 Extra"]
[Source "ChessBase"]
[SourceDate "2022.09.30"]
[SourceVersion "1"]
[SourceVersionDate "2022.09.30"]
[SourceQuality "1"]
[WhiteTeam "Bogazici Universitesi"]
[BlackTeam "Karsiyaka Ihtisas"]
[WhiteTeamCountry "TUR"]
[BlackTeamCountry "TUR"]

1. d4 Nf6 2. Bg5 d5 3. e3 e6 4. c3 Be7 5. Nd2 0-0 6. Bd3 b6 7. Qe2 Bb7 8. Ngf3 Ne4 9. h4 f5 10. Bxe7 Qxe7 11. Ne5 Nxd2 12. Qxd2 Nd7 13. f4 Nxe5 14. fxe5 c5 15. Qe2 c4 16. Bc2 b5 17. Kd2 a5 18. Raf1 b4 19. a3 bxa3 20. bxa3 Bc6 21. g4 fxg4 22. Qxg4 Rab8 23. Qh5 g6 24. Qg5 Qxg5 25. hxg5 Rxf1 26. Rxf1 Rb2 27. Kc1 Rb8 28. Rf6 Bd7 29. Bd1 Kg7 30. Bc2 Re8 31. Kd2 Re7 32. Rf1 Bc6 33. Rb1 Rb7 34. Rxb7+ Bxb7 35. Ba4 Kf7 36. Ke2 Ke7 37. Kf3 Bc8 38. Bc6 Bd7 39. Ba8 Be8 40. e4 Bf7 41. Bc6 Kd8 42. exd5 exd5 43. e6 Bxe6 44. Kf4 Bf5 45. Bxd5 Bd3 46. Ke5 Ke7 47. Be6 1-0

[Event "TUR-chT 1st League"]
[Site "Konya"]
[Date "2019.07.28"]
[Round "9.7"]
[White "Demirelli, Ilyas Doguhan"]
[Black "Cenikli, Alparslan"]
[Result "1/2-1/2"]
[WhiteElo "1888"]
[BlackElo "1803"]
[PlyCount "53"]
[EventDate "2019.07.22"]
[EventType "team-swiss"]
[EventRounds "9"]
[EventCountry "TUR"]
[SourceTitle "CBM 191 Extra"]
[Source "ChessBase"]
[SourceDate "2019.09.30"]
[SourceVersion "1"]
[SourceVersionDate "2019.09.30"]
[SourceQuality "1"]
[WhiteTeam "Pamukkale Universiteli"]
[BlackTeam "Karsiyaka Ihtisas"]
[WhiteTeamCountry "TUR"]
[BlackTeamCountry "TUR"]

1. e4 e5 2. Nf3 Nf6 3. Nc3 Bb4 4. Bc4 0-0 5. d3 d5 6. exd5 Nxd5 7. Bd2 Bxc3 8. Bxc3 Nc6 9. 0-0 Nxc3 10. bxc3 Bg4 11. Re1 Qd6 12. h3 Bh5 13. Qe2 Rfe8 14. Qe4 Bg6 15. Qd5 Rad8 16. Qxd6 Rxd6 17. Nh4 Kf8 18. Bb5 a6 19. Nxg6+ Rxg6 20. Bc4 Rd6 21. Bb3 Rg6 22. Bc4 Rd6 23. Bb3 Rg6 24. Bc4 Rd6 25. Bb3 Rg6 26. Bc4 Rd6 27. Bb3 1/2-1/2

[Event "TUR-chT 1st League"]
[Site "Konya"]
[Date "2019.07.23"]
[Round "2.9"]
[White "Durak, Can"]
[Black "Cenikli, Alparslan"]
[Result "1/2-1/2"]
[WhiteElo "1753"]
[BlackElo "1803"]
[PlyCount "123"]
[EventDate "2019.07.22"]
[EventType "team-swiss"]
[EventRounds "9"]
[EventCountry "TUR"]
[SourceTitle "CBM 191 Extra"]
[Source "ChessBase"]
[SourceDate "2019.09.30"]
[SourceVersion "1"]
[SourceVersionDate "2019.09.30"]
[SourceQuality "1"]
[WhiteTeam "Istanbul Teknik Uni"]
[BlackTeam "Karsiyaka Ihtisas"]
[WhiteTeamCountry "TUR"]
[BlackTeamCountry "TUR"]

1. d4 Nf6 2. c4 g6 3. Nc3 Bg7 4. Nf3 0-0 5. Bg5 c5 6. e3 cxd4 7. exd4 d5 8. Bxf6 Bxf6 9. cxd5 Nd7 10. Bc4 Nb6 11. Bb3 Bg4 12. 0-0 Bxf3 13. Qxf3 Bxd4 14. Rad1 Bxc3 15. Qxc3 Rc8 16. Qe3 Qd6 17. Rfe1 Rfe8 18. Rd4 Red8 19. Qxe7 Qxe7 20. Rxe7 Rxd5 21. Rxd5 Nxd5 22. Re1 Rc5 23. g3 Kf8 24. Re5 Rc1+ 25. Kg2 Nf6 26. Kf3 Nd7 27. Ra5 a6 28. Bd5 Rc7 29. Ra3 Nb6 30. Bb3 Nc4 31. Bxc4 Rxc4 32. Rb3 b5 33. Rc3 Rd4 34. Ke3 Rd6 35. Rc7 Re6+ 36. Kd3 Rd6+ 37. Kc3 Re6 38. Kb3 Ke8 39. h4 Rf6 40. Rc2 a5 41. f4 Re6 42. a4 Re3+ 43. Rc3 Re4 44. axb5 Rb4+ 45. Ka3 Rxb5 46. b3 Kd7 47. Re3 f6 48. Ka4 Rd5 49. b4 axb4 50. Kxb4 h5 51. Kc4 Rd1 52. Rd3+ Rxd3 53. Kxd3 Kd6 54. Ke4 Ke6 55. f5+ gxf5+ 56. Kf4 Ke7 57. Kxf5 Kf7 58. g4 hxg4 59. Kxg4 Kg6 60. h5+ Kh6 61. Kf5 Kxh5 62. Kxf6 1/2-1/2

[Event "Izmir op 10th"]
[Site "Izmir"]
[Date "2011.09.04"]
[Round "5"]
[White "Arat, Ufuk Sezen"]
[Black "Cenikli, Alparslan"]
[Result "1-0"]
[WhiteElo "2068"]
[BlackElo "1532"]
[PlyCount "87"]
[EventDate "2011.09.01"]
[EventType "swiss"]
[EventRounds "9"]
[EventCountry "TUR"]
[SourceTitle "CBM 144 Extra"]
[Source "ChessBase"]
[SourceDate "2011.10.28"]
[SourceVersion "1"]
[SourceVersionDate "2011.10.28"]
[SourceQuality "1"]

1. e4 e5 2. Nf3 Nf6 3. Nxe5 d6 4. Nf3 Nxe4 5. Nc3 Nxc3 6. dxc3 Be7 7. Be3 Nc6 8. Qd2 Be6 9. 0-0-0 Qd7 10. Kb1 a6 11. Nd4 Nxd4 12. Bxd4 0-0 13. Qe3 Rfe8 14. Qg3 Bf8 15. h4 Bf5 16. h5 Re6 17. Qg5 Be4 18. f3 Bc6 19. Bc4 d5 20. Bd3 Qd6 21. f4 Rae8 22. Qf5 Rh6 23. Qg4 Bd7 24. Qf3 Rhe6 25. f5 R6e7 26. Qf2 b6 27. f6 gxf6 28. Bxf6 Re3 29. Bg5 Qg3 30. Bxe3 Qxe3 31. Bxh7+ Kxh7 32. Qxf7+ Kh8 33. Qxd7 Bd6 34. h6 Re7 35. Qc8+ Re8 36. Qf5 Qe5 37. Qxe5+ Rxe5 38. Rde1 Kh7 39. Rxe5 Bxe5 40. Rh5 Bd6 41. g4 c6 42. g5 Kg8 43. g6 Bc5 44. h7+ 1-0